[Event "Cappelle op 38th"]
[Site "Cappelle la Grande"]
[Date "2022.02.13"]
[Round "2"]
[White "Dardha, Daniel"]
[Black "Payen, Arnaud"]
[Result "1-0"]
[WhiteElo "2541"]
[BlackElo "2304"]
[PlyCount "113"]
[EventDate "2022.02.12"]
[EventType "swiss"]
[EventRounds "9"]
[EventCountry "FRA"]
[SourceTitle "CBM 206 Extra"]
[Source "ChessBase"]
[SourceDate "2022.03.31"]
[SourceVersion "1"]
[SourceVersionDate "2022.03.31"]
[SourceQuality "1"]

1. c4 c5 2. g3 g6 3. Bg2 Bg7 4. Nc3 Nc6 5. d3 d6 6. Qd2 Bd7 7. b3 Nf6 8. Bb2 Rb8 9. h4 h5 10. Nf3 a6 11. Nd5 e5 12. Ng5 0-0 13. Nxf6+ Qxf6 14. Ne4 Qe7 15. Nc3 Qd8 16. e3 Ne7 17. 0-0 b5 18. Rad1 Bg4 19. Rc1 Be6 20. Ne4 Qb6 21. Ba1 Rbd8 22. Kh2 Bc8 23. b4 Bb7 24. cxb5 Bxe4 25. bxc5 dxc5 26. Bxe4 axb5 27. Qc2 Rc8 28. a4 bxa4 29. Qxa4 f5 30. Bg2 Qd6 31. Rb1 Rc7 32. Qa5 Rd7 33. Rfd1 Nc6 34. Qa2+ Kh7 35. Rb6 e4 36. Bxg7 Kxg7 37. Rc1 Rc7 38. dxe4 fxe4 39. Bxe4 Rf6 40. Kg1 Nb4 41. Rxd6 Nxa2 42. Rxf6 Kxf6 43. Rc4 Nb4 44. Kg2 Na6 45. Ra4 Nb4 46. Kf3 Rf7 47. Ke2 Re7 48. f3 Re5 49. Ra5 g5 50. hxg5+ Rxg5 51. f4 Rxg3 52. Rxc5 h4 53. Rc4 Na2 54. Kf2 Rg7 55. Rc6+ Ke7 56. Rh6 Nc3 57. Bf3 1-0

[Event "Cappelle rapid op 2nd"]
[Site "Cappelle la Grande"]
[Date "2020.02.29"]
[Round "7"]
[White "Payen, Arnaud"]
[Black "Enchev, Ivajlo"]
[Result "0-1"]
[WhiteElo "2332"]
[BlackElo "2496"]
[PlyCount "92"]
[EventDate "2020.02.29"]
[EventType "swiss (rapid)"]
[EventRounds "9"]
[EventCountry "FRA"]
[SourceTitle "CBM 195 Extra"]
[Source "ChessBase"]
[SourceDate "2020.05.31"]
[SourceVersion "1"]
[SourceVersionDate "2020.05.31"]
[SourceQuality "1"]

1. d4 Nf6 2. c4 e6 3. g3 d5 4. Nf3 Bb4+ 5. Bd2 Bd6 6. Bg2 0-0 7. 0-0 Nc6 8. cxd5 exd5 9. Nc3 a6 10. Bg5 Be6 11. Rc1 Be7 12. e3 Ne4 13. Bxe7 Qxe7 14. Na4 Bg4 15. h3 Bxf3 16. Bxf3 f5 17. Nc5 Nd8 18. Bg2 c6 19. Qe1 Nxc5 20. Rxc5 Ne6 21. Rc2 Rae8 22. h4 Nxd4 23. Rd2 Nb5 24. Qd1 Nd6 25. a4 a5 26. Rd3 Ne4 27. Rb3 Rf7 28. Qe1 Nc5 29. Ra3 f4 30. Qxa5 fxg3 31. fxg3 Rxf1+ 32. Bxf1 Ne4 33. Qe1 Qe5 34. Bg2 Nxg3 35. Rb3 Re7 36. a5 Nf5 37. Qc3 Qxc3 38. Rxc3 Nxe3 39. Bh3 d4 40. Rd3 c5 41. b4 c4 42. Rxd4 c3 43. Rd8+ Kf7 44. Rc8 c2 45. b5 Re4 46. Kf2 Rc4 0-1

[Event "FRA-chT Top 12"]
[Site "Brest"]
[Date "2019.05.27"]
[Round "10.4"]
[White "Sokolov, Andrei"]
[Black "Payen, Arnaud"]
[Result "1/2-1/2"]
[WhiteElo "2496"]
[BlackElo "2358"]
[PlyCount "47"]
[EventDate "2019.05.18"]
[EventType "team-tourn"]
[EventRounds "11"]
[EventCountry "FRA"]
[SourceTitle "CBM 190 Extra"]
[Source "ChessBase"]
[SourceDate "2019.07.15"]
[SourceVersion "1"]
[SourceVersionDate "2019.07.15"]
[SourceQuality "1"]
[WhiteTeam "Mulhouse"]
[BlackTeam "Gonfreville"]
[WhiteTeamCountry "FRA"]
[BlackTeamCountry "FRA"]

1. e4 c5 2. Nf3 g6 3. d4 cxd4 4. Nxd4 Nc6 5. Nc3 Bg7 6. Be3 Nf6 7. Bc4 Qa5 8. 0-0 0-0 9. Bb3 d6 10. h3 Bd7 11. Re1 Rfc8 12. Nf3 Qh5 13. Bf4 Ne5 14. Nxe5 dxe5 15. Qxh5 Nxh5 16. Be3 e6 17. Red1 Be8 18. a4 Bf8 19. f3 Bc5 20. Bxc5 Rxc5 21. h4 Nf6 22. Ne2 Rc7 23. c3 a5 24. Bc2 1/2-1/2

[Event "FRA-chT Top 12"]
[Site "Brest"]
[Date "2019.05.26"]
[Round "9.3"]
[White "Oparin, Grigoriy"]
[Black "Payen, Arnaud"]
[Result "1-0"]
[WhiteElo "2624"]
[BlackElo "2358"]
[PlyCount "91"]
[EventDate "2019.05.18"]
[EventType "team-tourn"]
[EventRounds "11"]
[EventCountry "FRA"]
[SourceTitle "CBM 190 Extra"]
[Source "ChessBase"]
[SourceDate "2019.07.15"]
[SourceVersion "1"]
[SourceVersionDate "2019.07.15"]
[SourceQuality "1"]
[WhiteTeam "Asnieres"]
[BlackTeam "Gonfreville"]
[WhiteTeamCountry "FRA"]
[BlackTeamCountry "FRA"]

1. Nf3 Nf6 2. g3 g6 3. Bg2 Bg7 4. c4 0-0 5. 0-0 d6 6. Nc3 e5 7. d3 Nc6 8. Rb1 a5 9. a3 Nd4 10. Nxd4 exd4 11. Nb5 Ne8 12. e3 dxe3 13. Bxe3 c6 14. Nc3 Nf6 15. Qb3 Bf5 16. Ne4 Qd7 17. Bf4 a4 18. Qb4 d5 19. Nc5 Qc8 20. Rbd1 Rd8 21. Nxb7 Bf8 22. c5 Rd7 23. Nd6 Bxd6 24. Bxd6 Rb7 25. Qd4 Ne8 26. Bf4 Ng7 27. Be5 Qf8 28. Rfe1 Ne6 29. Qh4 g5 30. Qh5 f6 31. Bc3 Nxc5 32. Qf3 Bg6 33. Bb4 Rab8 34. h4 Rxb4 35. axb4 Rxb4 36. h5 g4 37. Qe2 Bxh5 38. d4 Nb3 39. Qe6+ Kg7 40. Qxc6 Nxd4 41. Qc7+ Kh8 42. Bxd5 Nb5 43. Qd7 Rxb2 44. Rc1 Nd6 45. Rc6 Ne8 46. Rc8 1-0

[Event "FRA-chT Top 12"]
[Site "Brest"]
[Date "2019.05.23"]
[Round "6.6"]
[White "Bressac, Stephane"]
[Black "Payen, Arnaud"]
[Result "1/2-1/2"]
[WhiteElo "2358"]
[BlackElo "2358"]
[PlyCount "251"]
[EventDate "2019.05.18"]
[EventType "team-tourn"]
[EventRounds "11"]
[EventCountry "FRA"]
[SourceTitle "CBM 190 Extra"]
[Source "ChessBase"]
[SourceDate "2019.07.15"]
[SourceVersion "1"]
[SourceVersionDate "2019.07.15"]
[SourceQuality "1"]
[WhiteTeam "Cannes"]
[BlackTeam "Gonfreville"]
[WhiteTeamCountry "FRA"]
[BlackTeamCountry "FRA"]

1. e4 Nf6 2. e5 Nd5 3. d4 d6 4. c4 Nb6 5. exd6 exd6 6. Nc3 Nc6 7. d5 Ne5 8. f4 Ng4 9. Bd3 Qe7+ 10. Qe2 Bd7 11. h3 Qxe2+ 12. Ngxe2 Nf6 13. a4 Be7 14. a5 Nc8 15. a6 bxa6 16. Rxa6 Rb8 17. Nd4 0-0 18. Kd1 Rb6 19. Ra2 c5 20. Nf3 Ne8 21. Kc2 Nc7 22. Bd2 Na6 23. Na4 Nb4+ 24. Bxb4 Rxb4 25. Nc3 Bf6 26. b3 Re8 27. Ne4 Bd8 28. g4 a5 29. Nc3 Nb6 30. Re1 Rxe1 31. Nxe1 a4 32. Nxa4 Nxa4 33. bxa4 Ba5 34. Kc1 Rxa4 35. Rxa4 Bxa4 36. Nf3 h6 37. Bc2 Bd7 38. Nd2 Kf8 39. Kd1 Ke7 40. Ke2 h5 41. Nb3 Bc3 42. Kf3 g6 43. Nc1 Kf6 44. Ne2 Be1 45. Nc1 Kg7 46. Nd3 Bd2 47. Nf2 hxg4+ 48. hxg4 f5 49. g5 Kf7 50. Nd3 Ke7 51. Ke2 Bc3 52. Nf2 Kd8 53. Kd3 Bd4 54. Nd1 Kc7 55. Nc3 Kb6 56. Ne2 Bg7 57. Bb3 Ka5 58. Kc2 Kb4 59. Nc1 Ka3 60. Nd3 Bd4 61. Ne1 Be3 62. Kc3 Bd4+ 63. Kc2 Bc8 64. Ng2 Bf2 65. Kc3 Ba6 66. Bc2 Bd4+ 67. Kd2 Bxc4 68. Nh4 Bxd5 69. Nxg6 Be6 70. Ne7 c4 71. Bxf5 c3+ 72. Kd3 Kb2 73. Bxe6 c2 74. Kxd4 c1Q 75. Nd5 Qh1 76. Ne3 Qf3 77. Nc4+ Kc1 78. f5 d5 79. Nd6 Qf4+ 80. Kxd5 Qxg5 81. Ne4 Qf4 82. f6 Kc2 83. f7 Kd3 84. Nc5+ Ke3 85. Nd7 Qd4+ 86. Kc6 Qa4+ 87. Kc7 Qa5+ 88. Kc6 Qa4+ 89. Kb6 Qb4+ 90. Kc7 Qa5+ 91. Kb8 Qb5+ 92. Kc8 Qa6+ 93. Kd8 Qxe6 94. f8Q Ke2 95. Qf4 Qe3 96. Qh4 Qf3 97. Nf6 Kd3 98. Kd7 Qb7+ 99. Ke6 Qc8+ 100. Ke5 Qc7+ 101. Kf5 Qc5+ 102. Kg6 Qg1+ 103. Ng4 Qb6+ 104. Kf5 Kc3 105. Qe1+ Kb2 106. Qd2+ Kb3 107. Ne5 Qc5 108. Qd3+ Qc3 109. Qb5+ Kc2 110. Qa4+ Kb1 111. Ke6 Qc8+ 112. Kd5 Qb7+ 113. Nc6 Qf7+ 114. Kc5 Qf5+ 115. Kb6 Qd5 116. Qb4+ Kc1 117. Qc3+ Kd1 118. Nb4 Qd8+ 119. Kb5 Qd7+ 120. Ka5 Qa7+ 121. Kb5 Qd7+ 122. Kc5 Qe7+ 123. Kd5 Qd7+ 124. Ke4 Qe6+ 125. Kf4 Qf7+ 126. Ke4 1/2-1/2

[Event "FRA-chT Top 12"]
[Site "Brest"]
[Date "2019.05.21"]
[Round "4.5"]
[White "Payen, Arnaud"]
[Black "Terrieux, Kevin"]
[Result "1/2-1/2"]
[WhiteElo "2358"]
[BlackElo "2455"]
[PlyCount "25"]
[EventDate "2019.05.18"]
[EventType "team-tourn"]
[EventRounds "11"]
[EventCountry "FRA"]
[SourceTitle "CBM 190 Extra"]
[Source "ChessBase"]
[SourceDate "2019.07.15"]
[SourceVersion "1"]
[SourceVersionDate "2019.07.15"]
[SourceQuality "1"]
[WhiteTeam "Gonfreville"]
[BlackTeam "Metz Fischer"]
[WhiteTeamCountry "FRA"]
[BlackTeamCountry "FRA"]

1. d4 d5 2. Nf3 Nf6 3. c4 dxc4 4. e3 a6 5. Bxc4 b5 6. Be2 Bb7 7. 0-0 e6 8. Nc3 Nbd7 9. b3 c5 10. Bb2 Bd6 11. dxc5 Bxc5 12. Qb1 Qc7 13. b4 1/2-1/2

[Event "Cappelle op 34th"]
[Site "Cappelle la Grande"]
[Date "2018.03.08"]
[Round "7.6"]
[White "Payen, Arnaud"]
[Black "Rabineau, Clement"]
[Result "1-0"]
[WhiteElo "2360"]
[BlackElo "2248"]
[PlyCount "93"]
[EventDate "2018.03.03"]
[EventType "swiss"]
[EventRounds "9"]
[EventCountry "FRA"]
[SourceTitle "EXT 2019"]
[Source "ChessBase"]
[SourceDate "2018.10.10"]
[SourceVersion "1"]
[SourceVersionDate "2018.10.10"]
[SourceQuality "1"]

1. d4 d6 2. e4 g6 3. Nc3 Bg7 4. Bc4 Nf6 5. Qe2 Nc6 6. e5 Nd7 7. Nf3 Nb6 8. Bb3 0-0 9. h3 Na5 10. 0-0 Nxb3 11. axb3 Bf5 12. Bf4 c6 13. Rfd1 Qd7 14. Rd2 f6 15. exd6 exd6 16. d5 Rfe8 17. Qf1 cxd5 18. Nd4 a6 19. Be3 Rxe3 20. fxe3 Be4 21. Nde2 f5 22. Rad1 Rc8 23. Ng3 Be5 24. Nge2 Qg7 25. Nf4 Qh6 26. Rf2 Qh4 27. Qe1 Qg5 28. Qd2 Qg3 29. Nce2 Qh4 30. Nc3 Qg3 31. Nce2 Qh4 32. Qb4 Rc6 33. c4 dxc4 34. Nd4 Bxd4 35. Rxd4 Qf6 36. bxc4 g5 37. Ne2 Qe6 38. Nc3 a5 39. Qxa5 Bxg2 40. Qxf5 Qxf5 41. Rxf5 Bxh3 42. Rxg5+ Kf7 43. Rf4+ Ke8 44. Rg8+ Kd7 45. Rg7+ Ke8 46. Rxh7 Bd7 47. Re4+ 1-0

[Event "Chigorin Memorial 25th"]
[Site "St Petersburg"]
[Date "2017.10.29"]
[Round "9"]
[White "Payen, Arnaud"]
[Black "Ismagambetov, Anuar"]
[Result "0-1"]
[WhiteElo "2335"]
[BlackElo "2553"]
[PlyCount "148"]
[EventDate "2017.10.21"]
[EventType "swiss"]
[EventRounds "9"]
[EventCountry "RUS"]
[SourceTitle "CBM 181 Extra"]
[Source "ChessBase"]
[SourceDate "2017.12.12"]
[SourceVersion "1"]
[SourceVersionDate "2017.12.12"]
[SourceQuality "1"]

1. d4 Nf6 2. Nf3 g6 3. Bf4 Bg7 4. e3 0-0 5. Be2 d6 6. 0-0 Nfd7 7. Nc3 e5 8. Bg3 Nc6 9. Bh4 f6 10. dxe5 dxe5 11. Bb5 Nb6 12. Qxd8 Nxd8 13. a4 a5 14. Nd2 Be6 15. f3 Nc6 16. Nce4 Nb4 17. Nc5 Bf7 18. Rfc1 c6 19. Be2 Rfb8 20. Nde4 f5 21. Nd6 e4 22. c3 N4d5 23. Nxf7 Kxf7 24. fxe4 Bf8 25. exd5 Bxc5 26. dxc6 Bxe3+ 27. Bf2 Bxf2+ 28. Kxf2 bxc6 29. b3 Nd7 30. Bc4+ Kf6 31. Rd1 Ne5 32. Rd6+ Kg5 33. Be6 Ra7 34. h3 Re7 35. Re1 Rxe6 36. Rxe6 Nd3+ 37. Ke2 Nxe1 38. Kxe1 Rxb3 39. Rxc6 Kf4 40. Kd2 Ra3 41. g4 Rxa4 42. gxf5 Kxf5 43. Ke3 Rh4 44. Rc5+ Ke6 45. Rxa5 Rxh3+ 46. Kd4 Rh4+ 47. Kd3 Rg4 48. c4 h5 49. Ra6+ Ke5 50. Ra5+ Kd6 51. Ra6+ Kc5 52. Ra5+ Kb6 53. Re5 h4 54. Ke3 h3 55. Kf3 h2 56. Kxg4 h1Q 57. Re6+ Kc5 58. Rxg6 Qe4+ 59. Kg5 Kxc4 60. Rf6 Kd5 61. Rf5+ Ke6 62. Rf4 Qd5+ 63. Kh4 Ke5 64. Rg4 Qd2 65. Rg5+ Kf4 66. Kh5 Qe2+ 67. Kh6 Qe3 68. Rg7 Kf5+ 69. Kh7 Qe4 70. Rg6 Qe8 71. Ra6 Qd7+ 72. Kh6 Qc8 73. Ra5+ Kf6 74. Ra7 Qh3# 0-1

[Event "Paris-ch 92nd"]
[Site "Paris"]
[Date "2017.07.19"]
[Round "6"]
[White "Karthikeyan, Pandian"]
[Black "Payen, Arnaud"]
[Result "1/2-1/2"]
[WhiteElo "2497"]
[BlackElo "2329"]
[PlyCount "46"]
[EventDate "2017.07.14"]
[EventType "swiss"]
[EventRounds "9"]
[EventCountry "FRA"]
[SourceTitle "EXT 2018"]
[Source "ChessBase"]
[SourceDate "2017.10.13"]
[SourceVersion "1"]
[SourceVersionDate "2017.10.13"]
[SourceQuality "1"]

1. Nf3 Nf6 2. c4 c5 3. g3 g6 4. Bg2 Bg7 5. 0-0 0-0 6. d4 cxd4 7. Nxd4 Nc6 8. Nc3 Nxd4 9. Qxd4 d6 10. Qd3 a6 11. Bd2 Bf5 12. e4 Bd7 13. Rac1 Rb8 14. a3 b5 15. b4 Ng4 16. cxb5 Ne5 17. Qe2 axb5 18. Nb1 Be6 19. Qe3 Bc4 20. Rfd1 Ng4 21. Qf3 Ne5 22. Qe3 Ng4 23. Qf3 Ne5 1/2-1/2

[Event "St Petersburg NFD Cup final-B"]
[Site "St Petersburg"]
[Date "2016.12.14"]
[Round "6"]
[White "Iljin, Timofey"]
[Black "Payen, Arnaud"]
[Result "1/2-1/2"]
[WhiteElo "2313"]
[BlackElo "2324"]
[PlyCount "70"]
[EventDate "2016.12.09"]
[EventType "tourn"]
[EventRounds "9"]
[EventCountry "RUS"]
[EventCategory "3"]
[SourceTitle "CBM 176 Extra"]
[Source "ChessBase"]
[SourceDate "2017.03.02"]
[SourceVersion "1"]
[SourceVersionDate "2017.03.02"]
[SourceQuality "1"]

1. d4 Nf6 2. c4 e6 3. Nc3 d5 4. cxd5 exd5 5. Bg5 Be7 6. e3 0-0 7. Bd3 Re8 8. Nge2 Nbd7 9. Qc2 c5 10. 0-0 h6 11. Bh4 c4 12. Bf5 Nb6 13. Bxc8 Rxc8 14. f3 Qd7 15. Bf2 Bb4 16. Ng3 Bxc3 17. bxc3 Qa4 18. Qd2 Qc6 19. Rae1 Re6 20. Re2 Rce8 21. Rfe1 Nc8 22. Qc2 Nd6 23. Nf1 b5 24. Bg3 a5 25. Nd2 b4 26. Bxd6 Qxd6 27. e4 bxc3 28. Qxc3 Qb4 29. Re3 dxe4 30. Qxb4 axb4 31. Nxc4 exf3 32. Rxe6 Rxe6 33. Rxe6 fxe6 34. gxf3 Nd5 35. Kf2 Nc3 1/2-1/2

[Event "St Petersburg NFD Cup final-B"]
[Site "St Petersburg"]
[Date "2016.12.11"]
[Round "3"]
[White "Payen, Arnaud"]
[Black "Dilmukhametov, Artur"]
[Result "1-0"]
[WhiteElo "2324"]
[BlackElo "2319"]
[PlyCount "97"]
[EventDate "2016.12.09"]
[EventType "tourn"]
[EventRounds "9"]
[EventCountry "RUS"]
[EventCategory "3"]
[SourceTitle "CBM 176 Extra"]
[Source "ChessBase"]
[SourceDate "2017.03.02"]
[SourceVersion "1"]
[SourceVersionDate "2017.03.02"]
[SourceQuality "1"]

1. d4 d5 2. c4 c6 3. Nf3 Nf6 4. Nc3 e6 5. Bg5 dxc4 6. e4 b5 7. e5 h6 8. Bh4 g5 9. Nxg5 hxg5 10. Bxg5 Nbd7 11. g3 Bb7 12. Bg2 Qb6 13. exf6 c5 14. d5 0-0-0 15. 0-0 b4 16. Rb1 Ne5 17. Qe2 Nd3 18. Qg4 Bd6 19. dxe6 Bxg2 20. exf7+ Rd7 21. Kxg2 bxc3 22. bxc3 Qc6+ 23. f3 Ne5 24. Qe6 Nxf7 25. Bf4 Kc7 26. Rfd1 Ng5 27. Bxd6+ Rxd6 28. Qxd6+ Qxd6 29. Rb7+ Kxb7 30. Rxd6 Kc7 31. Ra6 Kb7 32. h4 Nh7 33. Re6 Nf8 34. Re8 Kc7 35. g4 Kd7 36. f7 Rxh4 37. Rxf8 Ke7 38. Ra8 Kxf7 39. Rc8 Rh6 40. Rc7+ Ke8 41. Rxa7 Rd6 42. Ra4 Kd7 43. Rxc4 Kc6 44. g5 Rd2+ 45. Kg3 Rxa2 46. Rg4 Ra8 47. c4 Kd6 48. Re4 Ra1 49. Kg4 1-0

[Event "St Petersburg NFD Cup final-B"]
[Site "St Petersburg"]
[Date "2016.12.09"]
[Round "1"]
[White "Payen, Arnaud"]
[Black "Gogolev, Artem"]
[Result "1/2-1/2"]
[WhiteElo "2324"]
[BlackElo "2343"]
[PlyCount "91"]
[EventDate "2016.12.09"]
[EventType "tourn"]
[EventRounds "9"]
[EventCountry "RUS"]
[EventCategory "3"]
[SourceTitle "CBM 176 Extra"]
[Source "ChessBase"]
[SourceDate "2017.03.02"]
[SourceVersion "1"]
[SourceVersionDate "2017.03.02"]
[SourceQuality "1"]

1. d4 Nf6 2. Nf3 e6 3. e3 c5 4. Bd3 Nc6 5. 0-0 d5 6. b3 Be7 7. Bb2 0-0 8. c4 cxd4 9. exd4 b6 10. Nc3 dxc4 11. bxc4 Ba6 12. Re1 Rc8 13. d5 Nb4 14. Bf1 Bxc4 15. Bxc4 Rxc4 16. Qe2 Rxc3 17. Bxc3 Nbxd5 18. Bd4 Bb4 19. Rec1 h6 20. Qc4 Qd6 21. Be5 Qe7 22. Nd4 Bc5 23. Nb3 Ba3 24. Rc2 Rd8 25. Nd4 Qb7 26. Qb3 Bf8 27. Nc6 Ra8 28. a4 Nd7 29. Bd4 a5 30. Qb5 Nf4 31. Be3 Nd5 32. Bd4 Qa6 33. Qb3 Nc5 34. Qf3 Rc8 35. Ne5 Rc7 36. Rd1 Qc8 37. Ng4 Nxa4 38. Rcd2 Nc5 39. Be5 Ra7 40. Nxh6+ gxh6 41. Rxd5 exd5 42. Qf6 Kh7 43. Qh8+ Kg6 44. Qf6+ Kh7 45. Qh8+ Kg6 46. Qf6+ 1/2-1/2

[Event "Budapest FS09 GM"]
[Site "Budapest"]
[Date "2016.09.11"]
[Round "8"]
[White "Juhasz, Armin"]
[Black "Payen, Arnaud"]
[Result "1/2-1/2"]
[WhiteElo "2406"]
[BlackElo "2346"]
[PlyCount "101"]
[EventDate "2016.09.03"]
[EventType "tourn"]
[EventRounds "9"]
[EventCountry "HUN"]
[EventCategory "6"]
[SourceTitle "CBM 174 Extra"]
[Source "ChessBase"]
[SourceDate "2016.10.10"]
[SourceVersion "1"]
[SourceVersionDate "2016.10.10"]
[SourceQuality "1"]

1. d4 f5 2. Nc3 Nf6 3. Bg5 b6 4. Bxf6 exf6 5. e3 Bb7 6. Nge2 g6 7. h4 h5 8. Nf4 Kf7 9. Be2 Bd6 10. Bf3 Qc8 11. g3 Bb4 12. Nfd5 Nc6 13. 0-0 Bxc3 14. Nxc3 Ne7 15. d5 d6 16. Re1 Ba6 17. Qd4 g5 18. hxg5 fxg5 19. e4 Ng6 20. exf5 Qxf5 21. Be4 Ne5 22. Qa4 Qc8 23. Bg2 b5 24. Qa5 Rb8 25. Ne4 Rg8 26. Nc5 Rb6 27. Nd3 Nxd3 28. cxd3 b4 29. Rac1 Re8 30. Rxe8 Qxe8 31. Rxc7+ Kf6 32. Be4 Qb5 33. Qxb5 Rxb5 34. Rxa7 Bb7 35. a4 bxa3 36. bxa3 Bxd5 37. a4 Rb1+ 38. Kg2 Bxe4+ 39. dxe4 g4 40. Rh7 Rb4 41. a5 Rxe4 42. Rxh5 Ra4 43. Kf1 Ke6 44. Rg5 Kf6 45. Rb5 Ke6 46. Ke2 d5 47. Rb6+ Ke5 48. a6 Ke4 49. Rf6 Ra2+ 50. Kd1 Kd3 51. Kc1 1/2-1/2

[Event "Avoine op 30th"]
[Site "Avoine"]
[Date "2015.07.24"]
[Round "7"]
[White "Swayams, Mishra"]
[Black "Payen, Arnaud"]
[Result "1-0"]
[WhiteElo "2429"]
[BlackElo "2329"]
[PlyCount "101"]
[EventDate "2015.07.18"]
[EventType "swiss"]
[EventRounds "9"]
[EventCountry "FRA"]
[SourceTitle "EXT 2016"]
[Source "ChessBase"]
[SourceDate "2015.10.08"]
[SourceVersion "1"]
[SourceVersionDate "2015.10.08"]
[SourceQuality "1"]

1. d4 d5 2. c4 e6 3. Nf3 Nf6 4. Nc3 Be7 5. Bf4 0-0 6. e3 c5 7. dxc5 Bxc5 8. cxd5 Nxd5 9. Nxd5 exd5 10. a3 Nc6 11. Bd3 Be7 12. 0-0 Bf6 13. Qb3 g6 14. Rfd1 Qe7 15. Rd2 Rd8 16. Bb5 Be6 17. Qa4 Rac8 18. Rad1 Bf5 19. Bxc6 bxc6 20. Nd4 Bxd4 21. Qxd4 f6 22. Qc3 Kg7 23. h3 Be6 24. Bg3 Rd7 25. Rd4 c5 26. Rf4 Rf8 27. Rc1 g5 28. Ra4 Rc8 29. Ra5 c4 30. Ra6 Rf8 31. Qd4 Rf7 32. f4 g4 33. f5 Bxf5 34. hxg4 Bd3 35. g5 Qe4 36. gxf6+ Kg6 37. Be5 c3 38. Qxe4+ dxe4 39. Rc6 cxb2 40. Bxb2 Rb7 41. Bd4 Rb1 42. Rxb1 Bxb1 43. Kf2 Bd3 44. Kg3 Kf5 45. Rc5+ Kg6 46. Kf4 h6 47. Rc8 Rd7 48. Ke5 Bf1 49. Rg8+ Kf7 50. Rg7+ Ke8 51. Rg6 1-0